000 00638nab a2200181 4500
001 244442
003 OSt
005 20251105140640.0
007 tu
008 200917s2020|||||||
040 _aDE-2950
_cDE-2950
245 0 0 _aGute Laune pur bei der Kneipennacht
_bTradition. Bei der 48. Auflage ging es wieder hoch her. In vier Kneipen und auf der abschließenden After-Show-Party im Bellevue feierten Hunderte ausgelassen/
_cRené Matschkowiak
264 _c2025
653 _aFrankfurt (Oder)
653 _aKneipennacht
773 0 _g36. Jahrgang (2025) Nr. 254 vom 01.11.2025, S. 19 mit Foto
_tMärkische Oderzeitung
942 _2z
_cA
999 _c374100
_d374100